| 000 | 01240nam a2200253Ia 4500 | ||
|---|---|---|---|
| 003 | OSt | ||
| 005 | 20220923222038.0 | ||
| 006 | a|||||r|||| 00| 0 | ||
| 007 | ta | ||
| 008 | tel | ||
| 024 | _a202,719 | ||
| 037 | _cTextual | ||
| 040 |
_aARTS _cARTS _btel |
||
| 041 |
_2tel _atel |
||
| 082 | _aO35,3NSAx, 152N2 | ||
| 100 |
_aसरस्वती देवी, आई; रेड्डी रेड्डी, बालशौरि, अनु. _9165771 |
||
| 245 | 0 | _aस्वर्ण कमल, अनु बालशौरि रेड्डी रेड्डी रेड्डी रेड्डी | |
| 246 | _aSvarṇa kamala, anu bālashauri reḍḍī reḍḍī reḍḍī reḍḍī | ||
| 260 |
_aनई दिल्ली _b साहित्य अकादमी _c1992 |
||
| 300 |
_a723पृ0 _ccm. |
||
| 650 |
_aतेलुगु साहित्य _9156264 |
||
| 942 |
_hO35,3NSAx, 152N2 _cTEXL _2CC |
||
| 999 |
_c353543 _d353543 |
||